ბათუმის შოთა რუსთაველის სახელმწიფო უნივერსიტეტის ბიბლიოთეკა

ჩანაწერი Personal Name

ჩანაწერთა რაოდენობა, რომელიც გამოყენებულია: 3

001 - CONTROL NUMBER

  • control field: 1142

003 - CONTROL NUMBER IDENTIFIER

  • control field: GE_BSU

005 - DATE AND TIME OF LATEST TRANSACTION

  • control field: 20190514184919.0

008 - FIXED-LENGTH DATA ELEMENTS

  • fixed length control field: 190514|| aca||aabn | a|a d

040 ## - CATALOGING SOURCE

  • Original cataloging agency: GE_BSU
  • Transcribing agency: GE_BSU

100 ## - HEADING--PERSONAL NAME

  • Personal name: სურმანიძე, ზ

670 ## - SOURCE DATA FOUND

  • Source citation: Work cat.: (GE_BSU)38538: სურმანიძე, ზ, ინფორმატიკა;მონაცემი და ინფორმაცია. პერსონალური კომპიუტერი, ოპერციული სისტემა Windous, სტანდარტული და საოფისე პროგრამები.დოკუმენტთა დამუშავების ავტომატიზაცია, ინტერნეტი და ინტრანეტი.